Navier-Stokes Equations (Record no. 8540)
[ view plain ]
| 000 -LEADER | |
|---|---|
| fixed length control field | 00482nam a22001937a 4500 |
| 003 - CONTROL NUMBER IDENTIFIER | |
| control field | OSt |
| 005 - DATE AND TIME OF LATEST TRANSACTION | |
| control field | 20240617115312.0 |
| 008 - FIXED-LENGTH DATA ELEMENTS--GENERAL INFORMATION | |
| fixed length control field | 240617b |||||||| |||| 00| 0 eng d |
| 020 ## - INTERNATIONAL STANDARD BOOK NUMBER | |
| International Standard Book Number | 9780226115498 |
| 040 ## - CATALOGING SOURCE | |
| Transcribing agency | MUST |
| 082 ## - DEWEY DECIMAL CLASSIFICATION NUMBER | |
| Classification number | 515 CON 1988 |
| 100 ## - MAIN ENTRY--PERSONAL NAME | |
| Personal name | Constantin ,Peter |
| 9 (RLIN) | 17341 |
| 245 ## - TITLE STATEMENT | |
| Title | Navier-Stokes Equations |
| Statement of responsibility, etc. | Peter Constantin |
| 300 ## - PHYSICAL DESCRIPTION | |
| Extent | ix ,190p |
| Dimensions | 20cm |
| 504 ## - BIBLIOGRAPHY, ETC. NOTE | |
| Bibliography, etc | Indexes |
| 650 ## - SUBJECT ADDED ENTRY--TOPICAL TERM | |
| Source of heading or term | Mathematics |
| 700 ## - ADDED ENTRY--PERSONAL NAME | |
| Personal name | Foias , Ciprian |
| 9 (RLIN) | 17342 |
| 942 ## - ADDED ENTRY ELEMENTS (KOHA) | |
| Source of classification or shelving scheme | Dewey Decimal Classification |
| Koha item type | Open Shelf |
| Withdrawn status | Lost status | Source of classification or shelving scheme | Damaged status | Not for loan | Home library | Current library | Date acquired | Source of acquisition | Inventory number | Total Checkouts | Full call number | Barcode | Date last seen | Price effective from | Koha item type |
|---|---|---|---|---|---|---|---|---|---|---|---|---|---|---|---|
| Dewey Decimal Classification | MUST Main Library | MUST Main Library | 17/06/2024 | Purchase | 08/29336 | 515 CON 1988 | 2024-20652 | 17/06/2024 | 17/06/2024 | Open Shelf |
